| Tag |
First Indicator |
Second Indicator |
Subfields |
| LEADER |
00000cam a2200000La 4500 |
| 001 |
in00001757721 |
| 005 |
20220105110427.0 |
| 006 |
m u |
| 007 |
cr cn--------- |
| 008 |
011010s2001 nju sb 001 0 eng d |
| 020 |
|
|
|a 0585383979 (electronic bk.)
|
| 035 |
|
|
|a (OCoLC)ocm49414884
|
| 040 |
|
|
|a N$T
|c N$T
|d OCLCQ
|d UtOrBLW
|
| 049 |
|
|
|a IICA
|
| 050 |
1 |
4 |
|a D804.33
|b .M67 2001eb
|
| 082 |
0 |
4 |
|a 940.53/18/071
|2 21
|
| 100 |
1 |
|
|a Morris, Marla,
|d 1962-
|0 http://id.loc.gov/authorities/names/n98067374
|
| 245 |
1 |
0 |
|a Curriculum and the Holocaust :
|b competing sites of memory and representation /
|c by Marla Morris.
|
| 264 |
|
1 |
|a Mahwah, N.J. :
|b L. Erlbaum,
|c [2001]
|
| 264 |
|
4 |
|c ©2001
|
| 300 |
|
|
|a xii, 270 pages ;
|c 24 cm.
|
| 336 |
|
|
|a text
|b txt
|2 rdacontent
|
| 337 |
|
|
|a computer
|b c
|2 rdamedia
|
| 338 |
|
|
|a online resource
|b cr
|2 rdacarrier
|
| 490 |
1 |
|
|a Studies in curriculum theory
|
| 504 |
|
|
|a Includes bibliographical references (pages 221-236) and indexes.
|
| 533 |
|
|
|a Electronic reproduction.
|b Boulder, Colo. :
|c NetLibrary,
|d 2001.
|n Available via World Wide Web.
|n Access may be limited to NetLibrary affiliated libraries.
|
| 500 |
|
|
|a Electronic resource.
|
| 650 |
|
0 |
|a Holocaust, Jewish (1939-1945)
|x Study and teaching.
|
| 650 |
|
0 |
|a Holocaust, Jewish (1939-1945), in literature.
|0 http://id.loc.gov/authorities/subjects/sh85061522
|
| 650 |
|
0 |
|a Memory.
|0 http://id.loc.gov/authorities/subjects/sh85083497
|
| 650 |
|
0 |
|a Holocaust, Jewish (1939-1945)
|x Historiography.
|0 http://id.loc.gov/authorities/subjects/sh97002493
|
| 655 |
|
7 |
|a Electronic books.
|2 local
|
| 710 |
2 |
|
|a NetLibrary, Inc.
|0 http://id.loc.gov/authorities/names/no99080690
|
| 776 |
1 |
|
|c Original
|z 0805838120
|w (DLC) 00062261
|w (OCoLC)44802780
|
| 830 |
|
0 |
|a Studies in curriculum theory.
|0 http://id.loc.gov/authorities/names/n97093564
|
| 856 |
4 |
1 |
|u https://proxy.library.tamu.edu/login?url=http://www.netLibrary.com/urlapi.asp?action=summary&v=1&bookid=60437
|z Connect to the full text of this electronic book
|t 0
|
| 994 |
|
|
|a X0
|b IIC
|
| 999 |
|
|
|a MARS
|
| 999 |
f |
f |
|s 5bfe4598-01d2-3772-a939-1eaa1d5558d8
|i ddc0387d-3063-300f-a03b-d5f8037554eb
|t 0
|
| 952 |
f |
f |
|a Texas A&M University
|b College Station
|c Electronic Resources
|d Available Online
|t 0
|e D804.33 .M67 2001eb
|h Library of Congress classification
|
| 998 |
f |
f |
|a D804.33 .M67 2001eb
|t 0
|l Available Online
|